000
00238nam a2200097Ia 4500
001
687512
005
20250826161557.0
008
250824s9999 xx 000 0 und d
245
0
_a
KUMDAN SALINCAK
_c
HANZADE SERVİ
260
_b
TUDEM YAYINLARI
999
_c
687512
_d
687512